EXCEPTIONAL LEARNERS: INTRODUCTION TO SPECIAL EDUCATION (Record no. 171284)
[ view plain ]
| 000 -LEADER | |
|---|---|
| fixed length control field | 00269nam a2200097Ia 4500 |
| 050 ## - LIBRARY OF CONGRESS CALL NUMBER | |
| Classification number | LC3981.H35 2003 |
| 100 ## - MAIN ENTRY--PERSONAL NAME | |
| Personal name | DANIEL P. HALLAHAN |
| 245 #0 - TITLE STATEMENT | |
| Title | EXCEPTIONAL LEARNERS: INTRODUCTION TO SPECIAL EDUCATION |
| 942 ## - ADDED ENTRY ELEMENTS (KOHA) | |
| Koha item type | Long Loan Book |
| Withdrawn status | Lost status | Source of classification or shelving scheme | Damaged status | Not for loan | Collection | Home library | Current library | Shelving location | Date acquired | Inventory number | Total checkouts | Full call number | Barcode | Date last seen | Copy number | Price effective from | Koha item type |
|---|---|---|---|---|---|---|---|---|---|---|---|---|---|---|---|---|---|
| Library of Congress Classification | Arts & Social Sciences | Kisii University Library | Kisii University Library | On Display | 06/09/2025 | 50946 | LC 3981.H35 2003 | 000000018463 | 06/09/2025 | 1 | 06/09/2025 | Long Loan Book |